| 000 | 00722cam a22002531 4500 | ||
|---|---|---|---|
| 001 | 26614 | ||
| 003 | BD-RjUL | ||
| 005 | 20211209051037.0 | ||
| 008 | 140323s1948 pk cb 000 0 eng | ||
| 035 | _a(BD-RjUL)26684 | ||
| 035 | _a(OCoLC)935871 | ||
| 040 |
_aDLC _cNSyU _dDLC _dBD-RjUL _beng |
||
| 041 | _aeng | ||
| 082 |
_a954.6 _bDER 1948 |
||
| 100 | 1 |
_aDe Mhaffe, A. _981815 |
|
| 245 | 1 | 0 |
_aRoad to Kashmir / _cby A. De Mhaffe. |
| 260 |
_aLahore : _bRipon Print. Press, _c1948. |
||
| 300 |
_axxiii, 206 p. : _c22 cm. _bPort., map ; |
||
| 500 | _aErrata slip inserted. | ||
| 651 | 0 |
_aJammu and Kashmir (India) _xPolitics and government. _981816 |
|
| 942 |
_2ddc _cBK |
||
| 999 |
_c26614 _d26614 |
||